000
00317nam a2200133Ia 4500
005
20251222141923.0
008
251222s9999||||xx |||||||||||||| ||spa||
020
_a
84-7141-208-X
082
_a
287.1/D48
100
_a
Delicado Baeza, José
245
0
_a
Cristianos en la UIniversidad
264
_b
Edice
942
_c
LIB
999
_c
8778
_d
8778